| 000 | 00600cam a2200193 a 4500 | ||
|---|---|---|---|
| 001 | 000003611 | ||
| 005 | 20200929150512.0 | ||
| 008 | 920325s1992 nyu 001 1 eng | ||
| 020 | _a0679416498 | ||
| 040 |
_aDO-SdBNP _cDLC _dDLC _dOCoLC _dDLC |
||
| 082 |
_a813.54 _bM623m |
||
| 100 | 1 |
_aMichener, James A. _q(James Albert), _d1907-1997. _911111 |
|
| 245 | 1 | 0 |
_aMexico / _cJames A. Michener. |
| 260 |
_aNew York : _bRandom House, _c1992. |
||
| 300 |
_axiii, 625 p. ; _c25 cm. |
||
| 650 | 4 |
_aNovela estadounidense _9262 |
|
| 650 | 4 |
_aLiteratura estadounidense _9263 |
|
| 910 | _aCatalogación por copia / LC | ||
| 999 |
_c3435 _d3435 |
||